|
|
|
|
| LEADER |
00627nab a2200169 i 4500 |
| 001 |
misc789 |
| 005 |
20191106144028.0 |
| 008 |
170607s1903 hu o 0|| ger d |
| 040 |
|
|
|a SZTE Miscellanea Repozitórium
|b hun
|
| 041 |
|
|
|a ger
|
| 100 |
1 |
|
|a Kemény Lajos
|
| 245 |
1 |
2 |
|a A kassai szabók 1461. évbeli czéhszabályzata
|h [elektronikus dokumentum] /
|c Kemény Lajos
|
| 260 |
|
|
|c 1903
|
| 300 |
|
|
|a 429
|
| 490 |
0 |
|
|a Magyar gazdaságtörténelmi szemle
|v 10
|
| 695 |
|
|
|a Közgazdaságtudomány, Magyarország történelme, Gazdaságtörténet
|
| 856 |
4 |
0 |
|u http://misc.bibl.u-szeged.hu/789/1/gazd_tort_szeml_1903_429.pdf
|z Dokumentum-elérés
|